000 00591nam a2200205Ia 4500
001 9907
003 GE_BSU
008 181216s||||||||xx |||||||||||||| ||und||
040 _cGE_BSU
080 _a821.353.1–2
100 _aნახუცრიშვილი,გიორგი
245 _aპიესები
245 _cმხატვ.ი.უფურაშვილი
260 _aთბილისი
260 _bხელოვნება
260 _c1973
300 _a298გვ.1ფ.პორტრ.21სმ.
653 _aპიესები
942 _cBK
999 _c43185
_d43185